000
00352nam a2200133Ia 4500
008
231129s9999||||xx |||||||||||||| ||spa||
020
_a
84-286-0186-0
040
_b
spa
082
_a
972.91 C266e
100
_a
Cardenal Ernesto
245
0
_a
En Cuba
264
_a
Barcelona EspaƱa : Pomaire
942
_2
ddc
_c
BKS
999
_c
12853
_d
12853